000 00509nam a2200229Ia 4500
008 210210b1966 xxu||||| |||| 00| 0 eng d
041 _aeng
082 _a520/140
100 _aPRASAD (Gorakh)
245 _aTextbook on spherical astronomy Ed 3
250 _a
260 _aAllahabad
_bPothishala Pvt Ltd
_c1966
300 _a267
650 _aTextbook
650 _aspherical
650 _aon
650 _aEd
650 _aastronomy
650 _a3
690 _aAstronomy
906 _a008125
999 _c126005
_d126005